[Event "DVM U12 2023"]
[Site "Magdeburg GER"]
[Date "2023.12.29"]
[Round "6"]
[White "Kovalskyy, Alicia"]
[Black "Meitzner, Jonathan Franz"]
[Result "1-0"]
[Termination "normal"]
[Board "5.1"]
[WhiteElo "1577"]
[BlackElo "1409"]
[WhiteClock "00:03:46"]
[BlackClock "00:00:50"]
[WhiteTeam "Düsseldorfer SV 1854"]
[BlackTeam "1. Eichsfelder SC"]
[PlyCount "73"]
[WhiteFideId "34612130"]
[BlackFideId "34616110"]
[EventCountry "GER"]
[EventRounds "7"]
[EventType "team-swiss"]
[EventDate "2023.12.26"]

1. e4 {[%clk 01:30:52]} {[%emt 00:00:07]} c5 {[%clk 01:30:49]} {[%emt
00:00:12]} 2. Nf3 {[%clk 01:31:16]} {[%emt 00:00:06]} d6 {[%clk 01:31:07]}
{[%emt 00:00:12]} 3. d4 {[%clk 01:31:37]} {[%emt 00:00:10]} cxd4 {[%clk
01:31:26]} {[%emt 00:00:10]} 4. Nxd4 {[%clk 01:32:01]} {[%emt 00:00:06]} Nf6
{[%clk 01:31:46]} {[%emt 00:00:10]} 5. Nc3 {[%clk 01:32:21]} {[%emt 00:00:10]}
a6 {[%clk 01:32:07]} {[%emt 00:00:09]} 6. Bg5 {[%clk 01:31:24]} {[%emt
00:01:26]} e6 {[%clk 01:31:08]} {[%emt 00:01:30]} 7. Be2 {[%clk 01:30:04]}
{[%emt 00:01:49]} Be7 {[%clk 01:31:06]} {[%emt 00:00:33]} 8. Qd2 {[%clk
01:28:25]} {[%emt 00:02:06]} O-O {[%clk 01:30:57]} {[%emt 00:00:41]} 9. O-O
{[%clk 01:28:35]} {[%emt 00:00:21]} Bd7 {[%clk 01:27:20]} {[%emt 00:04:07]} 10.
Rad1 {[%clk 01:24:03]} {[%emt 00:05:01]} Qc7 {[%clk 01:21:36]} {[%emt
00:06:16]} 11. Nf3 {[%clk 01:16:51]} {[%emt 00:07:36]} Bc6 {[%clk 01:21:32]}
{[%emt 00:00:38]} 12. Bd3 {[%clk 01:07:30]} {[%emt 00:09:50]} Nbd7 {[%clk
01:20:55]} {[%emt 00:01:09]} 13. Nd4 {[%clk 01:04:30]} {[%emt 00:03:26]} Rac8
{[%clk 01:17:25]} {[%emt 00:04:03]} 14. Nxc6 {[%clk 00:54:21]} {[%emt
00:10:40]} Qxc6 {[%clk 01:17:23]} {[%emt 00:00:31]} 15. Kh1 {[%clk 00:51:39]}
{[%emt 00:02:48]} Nc5 {[%clk 01:13:32]} {[%emt 00:04:46]} 16. Rfe1 {[%clk
00:45:36]} {[%emt 00:06:30]} b5 {[%clk 01:10:16]} {[%emt 00:03:49]} 17. a3
{[%clk 00:43:37]} {[%emt 00:02:30]} Rfe8 {[%clk 01:07:00]} {[%emt 00:03:45]}
18. Qe2 {[%clk 00:27:26]} {[%emt 00:16:34]} h6 {[%clk 01:03:27]} {[%emt
00:04:08]} 19. Bf4 {[%clk 00:25:34]} {[%emt 00:02:09]} Nfd7 {[%clk 00:50:44]}
{[%emt 00:13:28]} 20. Qg4 {[%clk 00:24:42]} {[%emt 00:01:04]} Nf6 {[%clk
00:50:47]} {[%emt 00:00:45]} 21. Qe2 {[%clk 00:24:38]} {[%emt 00:00:34]} Rcd8
{[%clk 00:48:35]} {[%emt 00:02:42]} 22. Qd2 {[%clk 00:18:39]} {[%emt 00:37:27]}
Nxd3 {[%clk 00:37:15]} 23. Qxd3 {[%clk 00:18:27]} d5 {[%clk 00:34:01]} 24. exd5
{[%clk 00:16:27]} Nxd5 {[%clk 00:33:41]} 25. Qf3 {[%clk 00:15:32]} Bf6 {[%clk
00:32:08]} 26. Nxd5 {[%clk 00:14:48]} exd5 {[%clk 00:31:34]} 27. c3 {[%clk
00:13:47]} Qc4 {[%clk 00:27:21]} {[%emt 00:00:38]} 28. Rxe8+ {[%clk 00:13:09]}
{[%emt 00:01:08]} Rxe8 {[%clk 00:27:38]} {[%emt 00:00:13]} 29. h3 {[%clk
00:12:42]} {[%emt 00:00:56]} Bh4 {[%clk 00:11:43]} {[%emt 00:16:25]} 30. g3
{[%clk 00:09:42]} {[%emt 00:03:30]} Bf6 {[%clk 00:11:42]} {[%emt 00:00:31]} 31.
Rxd5 {[%clk 00:06:01]} {[%emt 00:04:11]} Qf1+ {[%clk 00:07:44]} {[%emt
00:04:29]} 32. Kh2 {[%clk 00:06:28]} {[%emt 00:00:01]} Qb1 {[%clk 00:05:59]}
{[%emt 00:02:16]} 33. Rd2 {[%clk 00:05:38]} {[%emt 00:01:17]} Qf5 {[%clk
00:05:06]} {[%emt 00:01:26]} 34. Qd5 {[%clk 00:05:03]} {[%emt 00:01:04]} Qb1
{[%clk 00:03:46]} {[%emt 00:01:51]} 35. Qf3 {[%clk 00:04:17]} {[%emt 00:01:15]}
Kh8 {[%clk 00:03:38]} {[%emt 00:00:38]} 36. Bxh6 {[%clk 00:03:46]} {[%emt
00:01:01]} Qg6 {[%clk 00:00:50]} {[%emt 00:03:18]} 37. Be3 {[%emt 00:02:31]}
1-0

[Event "DVM U12 2023"]
[Site "Magdeburg GER"]
[Date "2023.12.29"]
[Round "6"]
[White "Meitzner, Johan Eduard"]
[Black "Teng, David"]
[Result "1/2-1/2"]
[Termination "normal"]
[Board "5.2"]
[WhiteElo "1383"]
[BlackElo "1489"]
[WhiteClock "00:42:39"]
[BlackClock "00:57:26"]
[WhiteTeam "1. Eichsfelder SC"]
[BlackTeam "Düsseldorfer SV 1854"]
[PlyCount "44"]
[WhiteFideId "34623612"]
[BlackFideId "34604570"]
[EventCountry "GER"]
[EventRounds "7"]
[EventType "team-swiss"]
[EventDate "2023.12.26"]

1. d4 {[%clk 01:30:56]} {[%emt 00:00:04]} d5 {[%clk 01:30:51]} {[%emt
00:00:09]} 2. Bf4 {[%clk 01:31:24]} {[%emt 00:00:03]} Nf6 {[%clk 01:31:14]}
{[%emt 00:00:07]} 3. e3 {[%clk 01:31:50]} {[%emt 00:00:04]} e6 {[%clk
01:31:25]} {[%emt 00:00:18]} 4. Nf3 {[%clk 01:32:17]} {[%emt 00:00:04]} Bd6
{[%clk 01:31:35]} {[%emt 00:00:19]} 5. Bg3 {[%clk 01:32:21]} {[%emt 00:00:26]}
b6 {[%clk 01:31:46]} {[%emt 00:00:19]} 6. Bd3 {[%clk 01:31:29]} {[%emt
00:01:22]} Bb7 {[%clk 01:30:08]} {[%emt 00:02:09]} 7. Ne5 {[%clk 01:17:32]}
{[%emt 00:14:27]} Nbd7 {[%clk 01:28:43]} {[%emt 00:01:53]} 8. f4 {[%clk
01:17:50]} {[%emt 00:00:13]} O-O {[%clk 01:28:32]} {[%emt 00:00:40]} 9. O-O
{[%clk 01:17:14]} {[%emt 00:01:07]} Ne4 {[%clk 01:27:46]} {[%emt 00:01:16]} 10.
Rf3 {[%clk 01:09:27]} {[%emt 00:09:30]} f5 {[%clk 01:25:47]} {[%emt 00:02:59]}
11. Nd2 {[%clk 01:08:58]} {[%emt 00:00:56]} c5 {[%clk 01:23:05]} {[%emt
00:03:15]} 12. c3 {[%clk 01:08:59]} {[%emt 00:00:28]} Qe7 {[%clk 01:18:29]}
{[%emt 00:05:07]} 13. Qe2 {[%clk 01:05:29]} {[%emt 00:03:54]} c4 {[%clk
01:15:50]} {[%emt 00:03:16]} 14. Bc2 {[%clk 01:05:46]} {[%emt 00:00:09]} b5
{[%clk 01:16:05]} {[%emt 00:00:17]} 15. Bxe4 {[%clk 00:57:08]} {[%emt
00:09:09]} fxe4 {[%clk 01:13:35]} {[%emt 00:03:01]} 16. Rf2 {[%clk 00:57:27]}
{[%emt 00:00:07]} Bxe5 {[%clk 01:12:04]} {[%emt 00:02:04]} 17. fxe5 {[%clk
00:54:06]} {[%emt 00:03:53]} Rxf2 {[%clk 01:10:37]} {[%emt 00:01:56]} 18. Bxf2
{[%clk 00:54:29]} {[%emt 00:00:07]} Rf8 {[%clk 01:11:02]} {[%emt 00:00:04]} 19.
b3 {[%clk 00:53:32]} {[%emt 00:01:25]} Nb6 {[%clk 01:07:02]} {[%emt 00:04:31]}
20. bxc4 {[%clk 00:48:09]} {[%emt 00:05:53]} bxc4 {[%clk 01:03:49]} {[%emt
00:03:42]} 21. Qg4 {[%clk 00:43:37]} {[%emt 00:04:59]} Na4 {[%clk 00:58:52]}
{[%emt 00:05:30]} 22. Bh4 {[%clk 00:42:39]} {[%emt 00:01:29]} Qd7 {[%clk
00:57:26]} {[%emt 00:01:55]} 1/2-1/2

[Event "DVM U12 2023"]
[Site "Magdeburg GER"]
[Date "2023.12.29"]
[Round "6"]
[White "Schmitz, Constantin"]
[Black "Löffelholz, Simon"]
[Result "1-0"]
[Termination "normal"]
[Board "5.3"]
[WhiteElo "1544"]
[BlackElo "1271"]
[WhiteTeam "Düsseldorfer SV 1854"]
[BlackTeam "1. Eichsfelder SC"]
[PlyCount "59"]
[WhiteFideId "16274660"]
[BlackFideId "34623620"]
[EventCountry "GER"]
[EventRounds "7"]
[EventType "team-swiss"]
[EventDate "2023.12.26"]

1. d4 {[%emt 00:18:34]} Nf6 {[%emt 00:00:11]} 2. c4 {[%emt 00:00:17]} e6 {[%emt
00:00:12]} 3. Nc3 {[%emt 00:00:36]} Bb4 {[%emt 00:00:09]} 4. Bg5 {[%emt
00:00:33]} O-O {[%emt 00:01:18]} 5. Nf3 {[%emt 00:00:51]} b6 {[%emt 00:00:43]}
6. e3 {[%emt 00:01:16]} Bb7 {[%emt 00:00:35]} 7. Bd3 {[%emt 00:01:08]} d5
{[%emt 00:01:01]} 8. O-O {[%emt 00:00:54]} Bxc3 {[%emt 00:00:13]} 9. bxc3
{[%emt 00:00:10]} Nbd7 {[%emt 00:01:11]} 10. cxd5 {[%emt 00:02:01]} exd5 {[%emt
00:00:34]} 11. c4 {[%emt 00:02:43]} c6 {[%emt 00:04:45]} 12. e4 {[%emt
00:01:27]} Qc7 {[%emt 00:02:50]} 13. e5 {[%emt 00:01:16]} Ne4 {[%emt 00:03:38]}
14. Bf4 {[%emt 00:03:09]} Qc8 {[%emt 00:02:26]} 15. Bxe4 {[%emt 00:00:40]} dxe4
{[%emt 00:00:23]} 16. Nd2 {[%emt 00:00:12]} c5 {[%emt 00:01:03]} 17. d5 {[%emt
00:00:08]} Re8 {[%emt 00:01:03]} 18. Nxe4 {[%emt 00:00:14]} Nxe5 {[%emt
00:01:45]} 19. Nd6 {[%emt 00:00:09]} Qd7 {[%emt 00:03:54]} 20. Nxe8 {[%emt
00:00:16]} Rxe8 {[%emt 00:00:16]} 21. Bxe5 {[%emt 00:00:23]} Rxe5 {[%emt
00:00:12]} 22. Re1 {[%emt 00:00:12]} Rxe1+ {[%emt 00:01:37]} 23. Qxe1 {[%emt
00:00:43]} h6 {[%emt 00:00:24]} 24. Qe4 {[%emt 00:00:21]} Ba6 {[%emt 00:00:38]}
25. Re1 {[%emt 00:01:03]} Qa4 {[%emt 00:01:24]} 26. Qe8+ {[%emt 00:00:16]} Qxe8
{[%emt 00:00:10]} 27. Rxe8+ {[%emt 00:00:02]} Kh7 {[%emt 00:00:12]} 28. d6
{[%emt 00:00:04]} Bb5 {[%emt 00:02:47]} 29. cxb5 {[%emt 00:00:28]} c4 {[%emt
00:00:10]} 30. d7 {[%emt 00:00:06]} 1-0

[Event "DVM U12 2023"]
[Site "Magdeburg GER"]
[Date "2023.12.29"]
[Round "6"]
[White "Löffelholz, Jonas"]
[Black "Dell, Philip"]
[Result "0-1"]
[Termination "normal"]
[Board "5.4"]
[WhiteElo "1201"]
[BlackElo "1319"]
[WhiteClock "01:18:37"]
[BlackClock "00:56:07"]
[WhiteTeam "1. Eichsfelder SC"]
[BlackTeam "Düsseldorfer SV 1854"]
[PlyCount "56"]
[WhiteFideId "34616101"]
[BlackFideId "34619585"]
[EventCountry "GER"]
[EventRounds "7"]
[EventType "team-swiss"]
[EventDate "2023.12.26"]

1. e4 e5 2. Nf3 Nc6 3. Bb5 Bc5 4. c3 d6 5. d4 exd4 6. cxd4 Bb4+ 7. Bd2 Bxd2+ 8.
Qxd2 a6 9. Ba4 Bd7 10. d5 Ne5 11. Qd4 Nxf3+ 12. gxf3 Bxa4 13. Qxa4+ Qd7 14. Qd4
f6 15. Nd2 Ne7 16. f4 Ng6 17. Rg1 Nxf4 18. Nf3 Qb5 19. Qd2 Nd3+ 20. Kd1 Nxb2+
21. Kc2 Nc4 22. Qd3 Qb2+ 23. Kd1 Qxa1+ 24. Ke2 Qb2+ 25. Kf1 Ne5 26. Nxe5 Qxe5
27. Rxg7 O-O-O 28. Qc2 Rd7 0-1

[Event "DVM U12 2023"]
[Site "Magdeburg GER"]
[Date "2023.12.29"]
[Round "6"]
[White "Mehner, Clara"]
[Black "Gersemann, Karl"]
[Result "0-1"]
[Termination "normal"]
[Board "6.1"]
[WhiteElo "1387"]
[BlackElo "1520"]
[WhiteClock "00:02:41"]
[BlackClock "00:37:45"]
[WhiteTeam "USG Chemnitz"]
[BlackTeam "TSG Oberschöneweide"]
[PlyCount "52"]
[WhiteFideId "34612165"]
[BlackFideId "34602186"]
[EventCountry "GER"]
[EventRounds "7"]
[EventType "team-swiss"]
[EventDate "2023.12.26"]

1. e4 {[%clk 01:30:59]} {[%emt 01:58:11]} e5 {[%clk 01:30:53]} {[%emt
00:00:08]} 2. Nf3 {[%clk 01:31:25]} {[%emt 00:00:04]} Nc6 {[%clk 01:31:11]}
{[%emt 00:00:11]} 3. d4 {[%clk 01:31:38]} {[%emt 00:00:17]} exd4 {[%clk
01:31:33]} {[%emt 00:00:08]} 4. Bc4 {[%clk 01:31:54]} {[%emt 00:00:16]} Bc5
{[%clk 01:31:34]} {[%emt 00:00:27]} 5. c3 {[%clk 01:32:07]} {[%emt 00:00:18]}
Nf6 {[%clk 01:31:55]} {[%emt 00:00:09]} 6. Bg5 {[%clk 01:12:41]} {[%emt
00:19:55]} dxc3 {[%clk 01:24:24]} {[%emt 00:08:00]} 7. Nxc3 {[%clk 01:12:07]}
{[%emt 00:01:05]} d6 {[%clk 01:23:11]} {[%emt 00:01:42]} 8. O-O {[%clk
01:09:50]} {[%emt 00:02:48]} Be6 {[%clk 01:18:41]} {[%emt 00:05:00]} 9. Qb3
{[%clk 01:02:29]} {[%emt 00:07:51]} Bxc4 {[%clk 01:15:31]} {[%emt 00:03:39]}
10. Qxc4 {[%clk 01:01:29]} {[%emt 00:01:32]} Bb6 {[%clk 01:10:32]} {[%emt
00:05:29]} 11. Nd5 {[%clk 00:58:20]} {[%emt 00:03:38]} Nb8 {[%clk 01:06:07]}
{[%emt 00:04:54]} 12. Nxf6+ {[%clk 00:48:48]} {[%emt 00:10:02]} gxf6 {[%clk
01:06:29]} {[%emt 00:00:09]} 13. Bh4 {[%clk 00:47:40]} {[%emt 00:01:38]} Nd7
{[%clk 01:05:43]} {[%emt 00:01:16]} 14. Rfe1 {[%clk 00:45:30]} {[%emt
00:02:39]} Qe7 {[%clk 01:04:26]} {[%emt 00:01:47]} 15. Rac1 {[%clk 00:38:32]}
{[%emt 00:07:29]} O-O-O {[%clk 01:02:57]} {[%emt 00:01:58]} 16. a4 {[%clk
00:35:34]} {[%emt 00:03:30]} Ne5 {[%clk 01:00:16]} {[%emt 00:03:10]} 17. Nxe5
{[%clk 00:32:38]} {[%emt 00:03:27]} dxe5 {[%clk 01:00:35]} {[%emt 00:00:10]}
18. Qb5 {[%clk 00:30:48]} {[%emt 00:02:21]} Rd4 {[%clk 00:47:51]} {[%emt
00:13:14]} 19. a5 {[%clk 00:23:01]} {[%emt 00:08:17]} Rb4 {[%clk 00:48:13]}
{[%emt 00:00:08]} 20. Qd5 {[%clk 00:22:50]} {[%emt 00:00:41]} Rd8 {[%clk
00:46:25]} {[%emt 00:02:17]} 21. Qa2 {[%clk 00:21:43]} {[%emt 00:01:37]} Bd4
{[%clk 00:46:23]} {[%emt 00:00:33]} 22. Re2 {[%clk 00:18:55]} {[%emt 00:03:19]}
c5 {[%clk 00:42:40]} {[%emt 00:04:13]} 23. b3 {[%clk 00:15:43]} {[%emt
00:03:42]} Rd6 {[%clk 00:41:54]} {[%emt 00:01:15]} 24. Qa3 {[%clk 00:14:02]}
{[%emt 00:02:13]} Kb8 {[%clk 00:42:14]} {[%emt 00:00:09]} 25. Rec2 {[%clk
00:11:45]} {[%emt 00:02:47]} Qd8 {[%clk 00:37:45]} {[%emt 00:04:57]} 26. Ra2
{[%clk 00:02:41]} {[%emt 00:10:52]} Bb2 0-1

[Event "DVM U12 2023"]
[Site "Magdeburg GER"]
[Date "2023.12.29"]
[Round "6"]
[White "Nguyen, Bach Khoi"]
[Black "Li, Joshua"]
[Result "0-1"]
[Termination "normal"]
[Board "6.2"]
[WhiteElo "1262"]
[BlackElo "1368"]
[WhiteClock "00:26:08"]
[BlackClock "00:24:07"]
[WhiteTeam "TSG Oberschöneweide"]
[BlackTeam "USG Chemnitz"]
[PlyCount "106"]
[WhiteFideId "34600256"]
[BlackFideId "34623639"]
[EventCountry "GER"]
[EventRounds "7"]
[EventType "team-swiss"]
[EventDate "2023.12.26"]

1. e4 {[%clk 01:30:56]} {[%emt 00:00:02]} c5 {[%clk 01:30:57]} {[%emt
00:00:05]} 2. Nf3 {[%clk 01:31:18]} {[%emt 00:00:07]} e6 {[%clk 01:31:14]}
{[%emt 00:00:13]} 3. d4 {[%clk 01:31:42]} {[%emt 00:00:06]} cxd4 {[%clk
01:31:42]} {[%emt 00:00:02]} 4. Nxd4 {[%clk 01:32:05]} {[%emt 00:00:07]} Nf6
{[%clk 01:32:08]} {[%emt 00:00:04]} 5. Nc3 {[%clk 01:32:29]} {[%emt 00:00:05]}
Nc6 {[%clk 01:32:12]} {[%emt 00:00:26]} 6. Bf4 {[%clk 01:32:46]} {[%emt
00:00:12]} d6 {[%clk 01:31:47]} {[%emt 00:00:56]} 7. Nxc6 {[%clk 01:31:58]}
{[%emt 00:01:17]} bxc6 {[%clk 01:31:50]} {[%emt 00:00:27]} 8. Bd3 {[%clk
01:32:13]} {[%emt 00:00:12]} e5 {[%clk 01:31:58]} {[%emt 00:00:24]} 9. Bg3
{[%clk 01:32:36]} {[%emt 00:00:07]} Be6 {[%clk 01:31:20]} {[%emt 00:01:09]} 10.
Qd2 {[%clk 01:32:05]} {[%emt 00:01:00]} Be7 {[%clk 01:27:54]} {[%emt 00:03:57]}
11. Rd1 {[%clk 01:29:18]} {[%emt 00:03:16]} Qc7 {[%clk 01:25:19]} {[%emt
00:03:06]} 12. Qe2 {[%clk 01:21:58]} {[%emt 00:07:49]} O-O {[%clk 01:23:59]}
{[%emt 00:01:50]} 13. O-O {[%clk 01:22:22]} {[%emt 00:00:07]} Qb6 {[%clk
01:24:14]} {[%emt 00:00:15]} 14. b3 {[%clk 01:14:56]} {[%emt 00:07:56]} Bg4
{[%clk 01:24:37]} {[%emt 00:00:07]} 15. Qd2 {[%clk 01:11:09]} {[%emt 00:04:16]}
Bxd1 {[%clk 01:24:47]} {[%emt 00:00:20]} 16. Rxd1 {[%clk 01:11:26]} {[%emt
00:00:12]} Nd7 {[%clk 01:22:28]} {[%emt 00:02:50]} 17. Bc4 {[%clk 01:10:18]}
{[%emt 00:01:36]} Rad8 {[%clk 01:18:41]} {[%emt 00:04:17]} 18. Kh1 {[%clk
01:00:10]} {[%emt 00:10:39]} Nf6 {[%clk 01:11:24]} {[%emt 00:07:47]} 19. f3
{[%clk 00:56:50]} {[%emt 00:03:51]} Qc7 {[%clk 01:08:51]} {[%emt 00:03:03]} 20.
Bf2 {[%clk 00:52:51]} {[%emt 00:04:28]} Rd7 {[%clk 01:04:14]} {[%emt 00:05:08]}
21. b4 {[%clk 00:48:23]} {[%emt 00:04:57]} d5 {[%clk 00:54:47]} {[%emt
00:09:58]} 22. exd5 {[%clk 00:46:31]} {[%emt 00:02:23]} Rfd8 {[%clk 00:54:59]}
{[%emt 00:00:17]} 23. a3 {[%clk 00:40:34]} {[%emt 00:06:27]} Nxd5 {[%clk
00:51:42]} {[%emt 00:03:47]} 24. Nxd5 {[%clk 00:35:32]} {[%emt 00:05:33]} cxd5
{[%clk 00:51:47]} {[%emt 00:00:25]} 25. Bb5 {[%clk 00:35:14]} {[%emt 00:00:47]}
Rd6 {[%clk 00:51:33]} {[%emt 00:00:44]} 26. Bc5 {[%clk 00:34:46]} {[%emt
00:00:57]} Rh6 {[%clk 00:50:58]} {[%emt 00:01:06]} 27. Bxe7 {[%clk 00:34:31]}
{[%emt 00:00:45]} Qxe7 {[%clk 00:51:10]} {[%emt 00:00:17]} 28. c4 {[%clk
00:34:38]} {[%emt 00:00:23]} Qh4 {[%clk 00:48:09]} {[%emt 00:03:33]} 29. h3
{[%clk 00:33:10]} {[%emt 00:01:57]} a6 {[%clk 00:41:48]} {[%emt 00:06:51]} 30.
Ba4 {[%clk 00:32:33]} {[%emt 00:01:06]} Qxc4 {[%clk 00:40:06]} {[%emt
00:02:13]} 31. Qg5 {[%clk 00:32:05]} {[%emt 00:00:57]} Qc7 {[%clk 00:39:33]}
{[%emt 00:01:01]} 32. Rc1 {[%clk 00:32:07]} {[%emt 00:00:32]} Rg6 {[%clk
00:38:21]} {[%emt 00:01:42]} 33. Qe3 {[%clk 00:31:12]} {[%emt 00:01:24]} Qe7
{[%clk 00:37:51]} {[%emt 00:00:58]} 34. Bc2 {[%clk 00:30:48]} {[%emt 00:00:56]}
Rg3 {[%clk 00:32:50]} {[%emt 00:05:32]} 35. Kh2 {[%clk 00:29:30]} {[%emt
00:01:41]} Qg5 {[%clk 00:30:08]} {[%emt 00:03:18]} 36. Qxg5 {[%clk 00:27:32]}
{[%emt 00:02:29]} Rxg5 {[%clk 00:30:31]} {[%emt 00:00:06]} 37. g4 {[%clk
00:27:05]} {[%emt 00:00:56]} e4 {[%clk 00:29:32]} {[%emt 00:01:29]} 38. fxe4
{[%clk 00:27:02]} {[%emt 00:00:33]} dxe4 {[%clk 00:29:43]} {[%emt 00:00:19]}
39. Bxe4 {[%clk 00:27:23]} {[%emt 00:00:08]} Re5 {[%clk 00:28:37]} {[%emt
00:01:36]} 40. Bf3 {[%clk 00:27:41]} {[%emt 00:00:12]} Re3 {[%clk 00:28:01]}
{[%emt 00:01:08]} 41. Bd5 {[%clk 00:25:48]} {[%emt 00:02:18]} Kf8 {[%clk
00:27:22]} {[%emt 00:01:13]} 42. Bb7 {[%clk 00:25:51]} {[%emt 00:00:26]} Rd2+
{[%clk 00:26:58]} {[%emt 00:00:54]} 43. Kg1 {[%clk 00:25:59]} {[%emt 00:00:20]}
Rxa3 {[%clk 00:26:46]} {[%emt 00:00:43]} 44. Re1 {[%clk 00:26:20]} {[%emt
00:00:09]} g5 {[%clk 00:26:30]} {[%emt 00:00:51]} 45. Bc6 {[%clk 00:26:25]}
{[%emt 00:00:21]} Rb2 {[%clk 00:24:32]} {[%emt 00:02:27]} 46. b5 {[%clk
00:25:17]} {[%emt 00:01:39]} axb5 {[%clk 00:24:34]} {[%emt 00:00:28]} 47. Be4
{[%clk 00:25:31]} {[%emt 00:00:14]} Rxh3 {[%clk 00:24:00]} {[%emt 00:01:06]}
48. Bg2 {[%clk 00:25:06]} {[%emt 00:00:55]} Rg3 {[%clk 00:24:20]} {[%emt
00:00:10]} 49. Kh1 {[%clk 00:25:27]} {[%emt 00:00:09]} h5 {[%clk 00:23:00]}
{[%emt 00:01:50]} 50. gxh5 {[%clk 00:25:06]} {[%emt 00:00:51]} Rgxg2 {[%clk
00:23:09]} {[%emt 00:00:21]} 51. h6 {[%clk 00:25:28]} {[%emt 00:00:09]} Rh2+
{[%clk 00:23:29]} {[%emt 00:00:10]} 52. Kg1 {[%clk 00:25:55]} {[%emt 00:00:03]}
Rxh6 {[%clk 00:23:49]} {[%emt 00:00:09]} 53. Kf1 {[%clk 00:26:08]} {[%emt
00:00:16]} Rh1# {[%clk 00:24:07]} {[%emt 00:00:07]} 0-1